100 Greatest Authors by Most Famous Work - Statistics

General Stats
  • This quiz has been taken 8,293 times
  • The average score is 54 of 100
Answer Stats
Hint Answer % Correct
1 Romeo and Juliet William Shakespeare
99%
8 1984 George Orwell
94%
2 A Christmas Carol Charles Dickens
93%
7 Pride and Prejudice Jane Austen
93%
19 Harry Potter J.K. Rowling
93%
4 The Lord of the Rings J.R.R. Tolkien
93%
5 War & Peace Leo Tolstoy
90%
10 Adventures of Huckleberry Finn Mark Twain
88%
27 Jane Eyre Charlotte Bronte
87%
40 Wuthering Heights Emily Bronte
87%
25 The Odyssey Homer
87%
6 The Old Man and the Sea Ernest Hemingway
85%
15 The Great Gatsby F. Scott Fitzgerald
85%
37 To Kill A Mockingbird Harper Lee
82%
36 The Divine Comedy Dante Alighieri
79%
9 Of Mice and Men John Steinbeck
79%
44 Charlie and the Chocolate Factory Roald Dahl
79%
26 Les Misérables Victor Hugo
79%
16 The Picture of Dorian Gray Oscar Wilde
78%
12 The Chronicles of Narnia C.S. Lewis
77%
11 Ulysses James Joyce
77%
23 The Catcher in the Rye J.D. Salinger
77%
3 Brothers Karamazov Fyodor Dostoevsky
76%
13 The Three Musketeers Alexandre Dumas
75%
50 Sherlock Holmes Arthur Conan Doyle
75%
35 Moby Dick Herman Melville
75%
75 Dracula Bram Stoker
73%
90 The DaVinci Code Dan Brown
72%
42 20'000 Leagues Under the Sea Jules Verne
71%
46 Brave New World Aldous Huxley
70%
56 The Cat in the Hat Dr. Seuss
70%
74 The Jungle Book Rudyard Kipling
69%
24 Lolita Vladimir Nabokov
68%
65 Don Quixote Miguel de Cervantes
67%
22 One Hundred Years of Solitude Gabriel Garcia Marquez
65%
38 Heart of Darkness Joseph Conrad
62%
77 The Bell Jar Sylvia Plath
62%
39 On the Road Jack Kerouac
61%
17 Slaughterhouse-Five Kurt Vonnegut
61%
48 The Call of Wild Jack London
60%
92 The Handmaid's Tale Margaret Atwood
59%
28 And Then There Were None Agatha Christie
58%
49 The War of the Worlds H. G. Wells
58%
18 The Trial Franz Kafka
57%
52 Fahrenheit 451 Ray Bradbury
57%
31 Mrs Dalloway Virginia Woolf
57%
14 The Tell-Tale Heart Edgar Allan Poe
56%
54 Paradise Lost John Milton
56%
29 Atlas Shrugged Ayn Rand
53%
33 Hitchhikers Guide to the Galaxy Douglas Adams
53%
83 Scarlet Letter Nathaniel Hawthorne
53%
70 The Republic Plato
53%
34 Tess of the d'Urbervilles Thomas Hardy
53%
64 Catch Twenty Two Joseph Heller
52%
32 The Stranger Albert Camus
51%
94 Madame Bovary Gustave Flaubert
51%
30 Strange Case of Dr Jekyll and Mr Hyde Robert Louis Stevenson
51%
57 Middle March George Eliot
50%
21 The Stand Stephen King
50%
71 I, Robot Isaac Asimov
47%
91 Beloved Toni Morrison
47%
69 Midnight's Children Salman Rushdie
46%
41 In Search of Lost Time Marcel Proust
45%
66 Faust Johann Wolfgang von Goethe
44%
61 The Firm John Grisham
44%
85 Lady Chatterley's Lover D. H. Lawrence
42%
98 Waiting for Godot Samuel Beckett
41%
20 As I lay Dying William Faulkner
41%
62 Walden Henry David Thoreau
39%
53 The Alchemist Paulo Coelho
39%
59 The Kite Runner Khaled Hosseini
38%
68 Call of Cthulhu H.P. Lovecraft
35%
47 The Cherry Orchard Anton Chekhov
34%
97 Brideshead Revisited: The Sacred and Profane Memories of Captain Charles Ryder Evelyn Waugh
34%
63 Atonement Ian McEwan
34%
45 The Golden Compass Philip Pullman
34%
51 Discworld Terry Pratchett
34%
55 Tropic of Cancer Henry Miller
33%
72 The Magic Mountain Thomas Mann
33%
73 The Notebook Nicholas Sparks
32%
96 The Age of Innocence Edith Wharton
31%
60 Fear & Loathing in Las Vegas Hunter S. Thompson
31%
78 Nausea Jean Paul Sartre
28%
87 Fight Club Chuck Palahniuk
27%
76 No Country for Old Men Cormac McCarthy
27%
84 The Quiet American Graham Greene
25%
67 A Prayer for Owen Meany John Irving
24%
81 Dead Souls Nikolai Gogol
24%
80 Ender's Game Orson Scott Card
24%
93 Because I Could Not Stop Death Emily Dickinson
23%
88 Beyond Good and Evil Friedrich Nietzsche
23%
82 Le Pere Goriot Honore de Balzac
23%
95 The Master and Margarita Mikhail Bulgakov
23%
100 Songs of Innocence and of Experience William Blake
21%
58 My Sister's Keeper Jodi Picoult
18%
89 Self Reliance Ralph Waldo Emerson
18%
43 The Razor's Edge W. Somerset Maugham
16%
86 Post Office Charles Bukowski
13%
79 Labyrinths Jorge Luis Borges
13%
99 If Tomorrow Comes Sidney Sheldon
11%
No matching quizzes found
Score Distribution
Percent of People with Each Score
Percentile by Number Answered
Your Score History
You have not taken this quiz